| 000 | 00578nam a2200169Ia 4500 | ||
|---|---|---|---|
| 005 | 20250923144617.0 | ||
| 008 | 008 250917s9999 xx 000 0 eng d | ||
| 037 | _aTextual | ||
| 040 |
_aDSWL _beng _cDSWL |
||
| 041 |
_aeng _2eng |
||
| 084 |
_aY73(Q6816):1.438'N5, N58 _qDSWL |
||
| 100 |
_aLily, H.O. _9826601 |
||
| 245 | 2 |
_aA socio economic survey of 80 familes of methodistchwich in Rangoon _cby H.O Lily |
|
| 260 |
_aDelhi _b Delhi School of Social Work, _c1958 |
||
| 942 |
_cTEXL _hY73(Q6816):1.438'N5, N58 |
||
| 999 |
_c1441139 _d1441139 |
||